LEADER 02208nas 2200613-- 450 001 9910135504703321 005 20260218111306.0 011 $a2295-7227 035 $a(DE-599)ZDB2550393-5 035 $a(CKB)110985822450174 035 $a(CONSER)---55027982- 035 $a(DcWaBHL)139919 035 $a(DE-599)2550393-5 035 $a(EXLCZ)99110985822450174 100 $a20751101b18741997 uy b 101 0 $afre 181 $ctxt$2rdacontent 182 $cc$2rdamedia 183 $acr$2rdacarrier 200 10$aAnnales de la Société géologique de Belgique 210 $aLiège $cSociété géologique de Belgique 215 $a1 online resource 300 $aRefereed/Peer-reviewed 311 08$aPrint version: Annales de la Société géologique de Belgique. 0037-9395 (DLC) 55027982 (OCoLC)1765826 330 $aThe Geological Society of Belgium formerly published original papers and documents concerning all aspects of the earth sciences, with a particular emphasis on the regional geology of Belgium and central Africa. The Society published the Annales de la Société Géologique de Belgique (ISSN 0037-9395) from 1874 (Vol. 1) to 1997 (Vol. 120). 531 0 $aAnn. Soc. géol. Belg. 606 $aGeology$vPeriodicals 606 $aGeology$zBelgium$vPeriodicals 606 $aGéologie$vPériodiques 606 $aGéologie$2ram 606 $aGéologie$zBelgique$vPériodiques 606 $aGéologie$zBelgique$2ram 606 $aGeology$2fast$3(OCoLC)fst00940627 606 $aGeologie$2gtt 606 $aGeología$zBélgica$2renib 607 $aBelgium$2fast$1https://id.oclc.org/worldcat/entity/E39QbtfRBTwKRX6RVxHCgVWBGB 608 $aPeriodicals.$2fast 608 $aPeriodicals.$2lcgft 608 $aPériodique.$2ram 615 0$aGeology 615 0$aGeology 615 6$aGéologie 615 7$aGéologie 615 6$aGéologie 615 7$aGéologie 615 7$aGeology. 615 17$aGeologie. 615 7$aGeología 676 $a550.5 906 $aJOURNAL 912 $a9910135504703321 920 $aexl_impl conversion 996 $aAnnales de la Société géologique de Belgique$92088376 997 $aUNINA